000 00803cam a22002773a 4500
001 20230
003 PGUSA
005 20140828083428.0
008 061230s2006||||xxu|||||s|||||000 1 eng d
040 _aPGUSA
_beng
042 _adc
050 4 _aPS
100 1 _aMitchell, Ruth Comfort,
_d1882-1954
245 1 0 _aJane Journeys On
_h[electronic resource] /
_cRuth Comfort Mitchell
260 _bProject Gutenberg,
_c2006
506 _aPublic domain in the USA.
516 _aElectronic text
653 _aCourtship -- Fiction
653 _aMate selection -- Fiction
653 _aWomen authors -- Fiction
653 _aYoung women -- Fiction
653 _aNew York (N.Y.) -- Fiction
830 0 _aProject Gutenberg
_v20230
856 4 0 _uhttp://www.gutenberg.org/ebooks/20230
942 _cEB
999 _c249485
_d249485